A Christian woman's answer to aging. (Record no. 14820)

000 -LEADER
fixed length control field 00574nam a2200181 a 4500
001 - CONTROL NUMBER
control field :::00012654$&:&@@
003 - CONTROL NUMBER IDENTIFIER
control field OkBaRHE
005 - DATE AND TIME OF LATEST TRANSACTION
control field 20110414145500.0
008 - FIXED-LENGTH DATA ELEMENTS--GENERAL INFORMATION
fixed length control field s1986 j 000 0 eng u
040 ## - CATALOGING SOURCE
Transcribing agency
100 1# - MAIN ENTRY--PERSONAL NAME
Personal name Hicks, Margaret.
245 12 - TITLE STATEMENT
Title A Christian woman's answer to aging.
260 ## - PUBLICATION, DISTRIBUTION, ETC. (IMPRINT)
Place of publication, distribution, etc Tulsa, OK., :
Name of publisher, distributor, etc Harrison House
Date of publication, distribution, etc c1986
300 ## - PHYSICAL DESCRIPTION
Extent 31 p. ;
Dimensions 14 cm.
650 ## - SUBJECT ADDED ENTRY--TOPICAL TERM
Topical term or geographic name as entry element Women
942 ## - ADDED ENTRY ELEMENTS (KOHA)
Source of classification or shelving scheme
Koha item type Books
Copies
Barcode Total Checkouts Full call number Copy number Source of classification or shelving scheme Permanent Location Lost status Date checked out Date last seen Not for loan Current Location Shelving location Koha item type Total Renewals Damaged status Withdrawn status Price effective from Date acquired
126541HQ 1206 .H521 RHEMA Bible Training College 2011-02-112011-04-14 RHEMA Bible Training CollegeGeneral StacksBooks2  2010-04-142010-04-14